| 000 | 01289ngm a22003130a 4500 | ||
|---|---|---|---|
| 001 | PT19516 | ||
| 003 | AR-LpoUNG | ||
| 005 | 20210202000310.0 | ||
| 007 | vd cvaizq | ||
| 008 | 191001s1967||||||||||||||||||||||||spa d | ||
| 037 | _c$9,96 | ||
| 040 |
_aAR-LpoUNG _bspa _cAR-LpoUNG _eaacr |
||
| 041 | _aspa | ||
| 044 | _a||| | ||
| 082 | 0 | _a882 283edi | |
| 100 | 1 |
_aPasolini, Paolo _edir. |
|
| 245 | 1 | 0 | _aEdipo rey |
| 260 |
_as.l. _bs.n., _c[1967]. |
||
| 300 | _aVHS (100 min.) : son., col. | ||
| 520 | _aEl rey y la reina de Tebas, Laio y Giocasta conocen por el oráculo que su hijo, Edipo, matará a su padre y se casará con su madre. Encargan a un sirviente que sacrifique a su hijo, pero este, movido por compasión, abandona al pequeño, quie es recogido por el Rey de Corinto. El tiempo pasa y al conocer la terrible preedicción Edipo se lanza a la fuga. Durante su peregrinaje encuentra a Laio y lo mata, ignorando de la identidad de su padre. Prosigue su camino, encuentra a la esfinge y libera a Tebas, obteniendo la mano de su madre. Revelada la verdad, la tragedia se consuma. | ||
| 650 | 4 | _aDRAMA | |
| 650 | 4 | _aLITERATURA | |
| 650 | 4 | _aTEATRO | |
| 653 | _aLITERATURA GRIEGA | ||
| 653 | _aTEATRO GRIEGO | ||
| 653 | _aVIDEOS | ||
| 905 | _a19516 | ||
| 942 | _cVIDEO | ||
| 999 |
_c54555 _d54555 |
||